Dictionary of the future: (Record no. 90824)
[ view plain ]
| 000 -LEADER | |
|---|---|
| fixed length control field | 00539nam a22001817a 4500 |
| 005 - DATE AND TIME OF LATEST TRANSACTION | |
| control field | 20170214151836.0 |
| 008 - FIXED-LENGTH DATA ELEMENTS--GENERAL INFORMATION | |
| fixed length control field | 170206b xxu||||| |||| 00| 0 eng d |
| 020 ## - INTERNATIONAL STANDARD BOOK NUMBER | |
| International Standard Book Number | 0786866578 |
| 040 ## - CATALOGING SOURCE | |
| Transcribing agency | PK-LaUMT |
| 082 ## - DEWEY DECIMAL CLASSIFICATION NUMBER | |
| Classification number | R 303.4973014 |
| Item number | POP-D |
| 100 ## - MAIN ENTRY--PERSONAL NAME | |
| Personal name | Popcorn , Faith |
| 245 ## - TITLE STATEMENT | |
| Title | Dictionary of the future: |
| Remainder of title | the words, terms and trends that define the way we'll live, work and talk/ |
| Statement of responsibility, etc | Faith Popcorn and Adam Hanft |
| 260 ## - PUBLICATION, DISTRIBUTION, ETC. (IMPRINT) | |
| Place of publication, distribution, etc | New York: |
| Name of publisher, distributor, etc | Hyperion, |
| Date of publication, distribution, etc | 2001 |
| 300 ## - PHYSICAL DESCRIPTION | |
| Extent | 414 p. |
| 546 ## - LANGUAGE NOTE | |
| Language note | en |
| 650 ## - SUBJECT ADDED ENTRY--TOPICAL TERM | |
| Topical term or geographic name as entry element | Dictionaries |
| 942 ## - ADDED ENTRY ELEMENTS (KOHA) | |
| Koha item type | Books |
| Withdrawn status | Lost status | Damaged status | Home library | Current library | Date acquired | Full call number | Barcode | Date last seen | Price effective from | Koha item type |
|---|---|---|---|---|---|---|---|---|---|---|
| UMT Main Campus | UMT Main Campus | 2017-02-06 | R 303.4973014 POP-D | 105276 | 2017-02-06 | 2017-02-06 | Books |
